000 00576nam a2200193 i 4500
001 94735
003 ES-MaACL
005 20251110063225.0
007 t|
008 050512s1970 sp ||||1| spa d
100 1 _aLubac, Henri de,
_d1896-1991
_974490
245 1 3 _aLa fe cristiana /
_cHenri de Lubac ; [traducción Constantino Ruiz Garrido].
260 _aMadrid :
_bFax,
_c1970.
300 _a374 p. ;
_c21 cm.
650 4 _aCredos.
_9165822
700 1 _aRuiz-Garrido, Constantino.
_9100816
852 _aES-MaACL
_jC-39723
_bR.75367
999 _c94735
_d94735